000 00564nam a22002297a 4500
003 UA-OsUOA
001 120968
007 ta
008 20170227b un ||||| |||| 00| 0 ukr d
100 _aГерцен А.И.
090 _a821.161.1
_bГ41
942 _cBK
040 _aUA-OsUOA
_brus
_cUA-OsUOA
_dUA-OsUOA
245 _aБылое и думы
300 _a885 С.
955 _a3
041 _arus
080 _a821.161.1
260 _aСПб
_c1946
650 7 _a82 Література. Літературознавство
_2UDC
999 _c407082
_d407082